| 000 | 00832cam a22002534a 4500 | ||
|---|---|---|---|
| 001 | 15804034 | ||
| 005 | 20180220071310.0 | ||
| 008 | 090706s2009 mnu b 001 0 eng | ||
| 010 | _a 2009288176 | ||
| 020 | _a9780314195654 (hbk. : alk. paper) | ||
| 020 | _a9780314195647 (pbk. : alk. paper ; teacher's manual) | ||
| 040 |
_aDLC _cDLC |
||
| 041 | _aeng | ||
| 043 | _an-us--- | ||
| 080 | _a34 abr | ||
| 082 | _234 abr | ||
| 100 | _a14 | ||
| 101 | _ajur | ||
| 245 | 0 | 0 |
_aContemporary family law / _cby Douglas E. Abrams ... [et al.]. |
| 504 | _aIncludes bibliographical references (p. xi-xviii) and index. | ||
| 906 |
_a7 _bcbc _corigcop _d2 _encip _f20 _gy-gencatlg |
||
| 942 |
_2ddc _cBK |
||
| 999 |
_c42915 _d42915 |
||